[Event "Tseshkovsky Mem 2014"]
[Site "Sochi RUS"]
[Date "2014.09.19"]
[Round "3.12"]
[White "Kotsur, Pavel"]
[Black "Pushkov, Nikolai"]
[Result "1/2-1/2"]
[WhiteTitle "GM"]
[BlackTitle "GM"]
[WhiteElo "2570"]
[BlackElo "2315"]
[WhiteFideId "13700278"]
[BlackFideId "4117131"]
[EventDate "2014.09.17"]

1. e4 e6 2. d4 d5 3. Nd2 dxe4 4. Nxe4 Bd7 5. Nf3 Bc6 6. Bd3 Nd7 7. O-O Ngf6 8.
Ng3 Bxf3 9. Qxf3 c6 10. b3 Be7 11. Bb2 O-O 12. c4 Re8 13. Rfe1 Nf8 14. h4 Qc7
15. h5 h6 16. Rac1 Rad8 17. Bb1 N8h7 18. Bxh7+ Nxh7 19. d5 Bf6 20. Bxf6 Nxf6 21.
dxe6 Rxe6 22. Rxe6 fxe6 23. Qe3 Qd6 24. Re1 c5 25. Ne4 Nxe4 26. Qxe4 Rd7 27.
Qxe6+ Qxe6 28. Rxe6 Rd1+ 29. Kh2 Rd2 30. Re8+ Kf7 31. Rb8 Rd7 32. Rc8 b6 33. Kg3
Ke6 34. Kf3 Rd2 35. Rc7 Rxa2 36. Rxg7 Rb2 37. Rg6+ Ke5 38. Rxh6 Rxb3+ 39. Kg4
Rb2 40. Kg3 b5 41. cxb5 Rxb5 42. Ra6 Rb7 43. Kf3 c4 44. g4 Rc7 45. Ke3 c3 46.
Ra1 c2 47. Rc1 Rc3+ 48. Kd2 Rf3 49. Ke2 Rc3 50. h6 Kf4 51. h7 Rh3 52. Rxc2 Kxg4
53. Rc7 a5 54. Ra7 Kf4 55. Kf1 Rh6 56. Ke1 Kf3 57. Rf7+ Kg4 58. Kd2 Kg5 59. Ra7
Kg6 60. Rxa5 Rxh7 61. Ke3 Rh4 1/2-1/2

[Event "Tseshkovsky Mem 2014"]
[Site "Sochi RUS"]
[Date "2014.09.19"]
[Round "3.13"]
[White "Ehlvest, Jaan"]
[Black "Mishuchkov, Nikolai M."]
[Result "1-0"]
[WhiteTitle "GM"]
[BlackTitle "IM"]
[WhiteElo "2553"]
[BlackElo "2311"]
[WhiteFideId "4500016"]
[BlackFideId "4102401"]
[EventDate "2014.09.17"]

1. e4 c5 2. Nf3 e6 3. d4 cxd4 4. Nxd4 a6 5. c4 Nf6 6. Nc3 Bb4 7. Bd3 Nc6 8. Ne2
d6 9. O-O Bc5 10. h3 Ne5 11. a3 Ba7 12. Bf4 Ng6 13. Bh2 O-O 14. Kh1 e5 15. f4
exf4 16. Nxf4 Ne5 17. Bg3 1-0

[Event "Tseshkovsky Mem 2014"]
[Site "Sochi RUS"]
[Date "2014.09.19"]
[Round "3.14"]
[White "Shaposhnikov, Evgeny"]
[Black "Rjabzev, Konstantin"]
[Result "1-0"]
[WhiteTitle "GM"]
[BlackTitle "IM"]
[WhiteElo "2536"]
[BlackElo "2306"]
[WhiteFideId "4122232"]
[BlackFideId "4150015"]
[EventDate "2014.09.17"]

1. e4 e5 2. Nf3 Nc6 3. Bc4 Bc5 4. d3 d6 5. c3 a6 6. d4 exd4 7. cxd4 Bb4+ 8. Nc3
Nf6 9. O-O O-O 10. Bg5 h6 11. Bxf6 Qxf6 12. Nd5 Qd8 13. a3 Ba5 14. b4 Bb6 15.
Nxb6 cxb6 16. h3 b5 17. Bb3 a5 18. Qd2 axb4 19. axb4 Ra6 20. Rfc1 Bd7 21. Rxa6
bxa6 22. d5 Ne7 23. e5 Qb6 24. e6 fxe6 25. dxe6 Bc8 26. Qc3 d5 27. Qc7 Qxc7 28.
Rxc7 Re8 29. Nd4 Kf8 30. f4 Rd8 31. f5 Rd6 32. g4 a5 33. bxa5 Ra6 34. Kf2 Ke8
35. Nxb5 Rxa5 36. Nd6+ 1-0

[Event "Tseshkovsky Mem 2014"]
[Site "Sochi RUS"]
[Date "2014.09.19"]
[Round "3.15"]
[White "Gubernatorov, Sergey"]
[Black "Stupak, Kirill"]
[Result "0-1"]
[WhiteTitle "FM"]
[BlackTitle "GM"]
[WhiteElo "2283"]
[BlackElo "2524"]
[WhiteFideId "4148215"]
[BlackFideId "13503758"]
[EventDate "2014.09.17"]

1. c4 g6 2. Nc3 Bg7 3. d4 d6 4. e4 e5 5. Be3 Ne7 6. Nf3 O-O 7. dxe5 dxe5 8. Qxd8
Rxd8 9. Nd5 Nxd5 10. cxd5 c6 11. Bc4 b5 12. Bb3 Bb7 13. O-O-O cxd5 14. Bxd5 Bxd5
15. Rxd5 Rxd5 16. exd5 Nd7 17. Kb1 Nf6 18. Rd1 Ng4 19. Bc5 e4 20. Nd2 f5 21. f3
exf3 22. Nxf3 Nf6 23. Ng5 Rd8 24. d6 Rd7 25. Bb4 Ne8 26. Rd5 Bf6 27. Nf3 a6 28.
a4 Kf7 29. axb5 Ke6 30. Rc5 Rb7 31. Bc3 axb5 32. Bxf6 Nxf6 33. Nd4+ Kxd6 34.
Rxb5 Rxb5 35. Nxb5+ Kc5 36. Nc7 Ng4 37. Ne6+ Kd5 38. Ng5 h6 39. Nf3 Ne3 40. Ne1
Ke4 41. b4 Nd5 42. Kc2 Nxb4+ 43. Kd2 f4 44. Ke2 Nc6 45. Kf2 Nd4 46. h3 g5 47. g3
h5 48. gxf4 gxf4 49. Ng2 Nf3 50. h4 Nd4 0-1

[Event "Tseshkovsky Mem 2014"]
[Site "Sochi RUS"]
[Date "2014.09.19"]
[Round "3.16"]
[White "Yakovich, Yuri"]
[Black "Tekeyev, Zaur"]
[Result "1-0"]
[WhiteTitle "GM"]
[BlackTitle "FM"]
[WhiteElo "2524"]
[BlackElo "2300"]
[WhiteFideId "4100654"]
[BlackFideId "4199731"]
[EventDate "2014.09.17"]

1. d4 Nf6 2. c4 g6 3. g3 Bg7 4. Bg2 O-O 5. Nc3 d6 6. Nf3 Nbd7 7. O-O e5 8. e4 a6
9. h3 exd4 10. Nxd4 Re8 11. Re1 Rb8 12. a4 a5 13. Ndb5 Nc5 14. Bf4 Ne6 15. Be3
Bd7 16. Qc2 h5 17. f4 Nh7 18. Rad1 b6 19. Nd5 h4 20. f5 Bxb5 21. cxb5 Nc5 22.
fxg6 fxg6 23. e5 Bxe5 24. Bxc5 bxc5 25. Qxg6+ Kh8 26. Be4 Qd7 27. Bf5 Qg7 28.
Qxg7+ Kxg7 29. Nxc7 Re7 30. Nd5 Rf7 31. g4 Bxb2 32. Re6 Be5 33. Ne7 Nf8 34. Rxe5
dxe5 35. Nc6 Rb6 36. Nxa5 Ra7 37. Nc4 Rb8 38. Bc2 Ne6 39. b6 Ra6 40. Rd7+ Kf6
41. a5 Ng5 42. Kg2 Rxa5 43. Nxa5 Rxb6 44. Nc4 Rb4 45. Ne3 Rd4 46. Nd5+ 1-0

[Event "Tseshkovsky Mem 2014"]
[Site "Sochi RUS"]
[Date "2014.09.19"]
[Round "3.18"]
[White "Papin, Vasily"]
[Black "Nedochetov, Mikhail"]
[Result "1-0"]
[WhiteTitle "GM"]
[BlackTitle "IM"]
[WhiteElo "2502"]
[BlackElo "2261"]
[WhiteFideId "4143183"]
[BlackFideId "4119673"]
[EventDate "2014.09.17"]

1. d4 d5 2. c4 c6 3. Nc3 Nf6 4. e3 g6 5. Nf3 Bg7 6. Be2 O-O 7. O-O dxc4 8. Bxc4
Bg4 9. Be2 Nbd7 10. e4 Bxf3 11. Bxf3 e5 12. dxe5 Nxe5 13. Be2 Qe7 14. Qc2 Rfe8
15. Re1 Ned7 16. Bd2 Nc5 17. f3 Ne6 18. Be3 Nh5 19. Bf1 Red8 20. Rad1 Bd4 21.
Bxd4 Rxd4 22. Rxd4 Nxd4 23. Qf2 Ne6 24. e5 Qg5 25. Kh1 Rd8 26. Qxa7 c5 27. Ne4
Qxe5 28. Qxb7 Rb8 29. Qe7 Rxb2 30. Rd1 Rb4 31. Rd8+ Kg7 32. Rd7 Qf5 33. Nd6 1-0

[Event "Tseshkovsky Mem 2014"]
[Site "Sochi RUS"]
[Date "2014.09.19"]
[Round "3.20"]
[White "Bakunts, Rafael"]
[Black "Cherniaev, Alexander"]
[Result "1/2-1/2"]
[BlackTitle "GM"]
[WhiteElo "2237"]
[BlackElo "2458"]
[WhiteFideId "13304097"]
[BlackFideId "4117301"]
[EventDate "2014.09.17"]

1. e4 c5 2. Nf3 d6 3. d4 cxd4 4. Nxd4 Nf6 5. Nc3 g6 6. g3 Nc6 7. Bg2 Nxd4 8.
Qxd4 Bg7 9. O-O O-O 10. Bg5 Be6 11. Qd2 Re8 12. Nd5 Nd7 13. c3 Ne5 14. Qe2 Qd7
15. a4 Rac8 16. Rfd1 Nc4 17. a5 Bg4 18. f3 Be6 19. Ra2 Bxd5 20. Rxd5 e6 21. Rd1
Qb5 22. Bc1 Qb3 23. Ra1 f5 24. Re1 fxe4 25. fxe4 a6 26. Qd1 Qb5 27. Qa4 Qc5+ 28.
Kh1 Rc6 29. Rf1 Qb5 30. b3 Qxa4 31. Rxa4 Ne5 32. c4 Rc7 33. Rd1 Nf7 34. Be3 Be5
35. Ra2 Nd8 36. Bb6 Rc8 37. Bh3 Nf7 38. Rc2 Ng5 39. Bg2 Rf8 40. Be3 h6 41. h4
Nf7 42. Bh3 Rfe8 43. Kg2 Re7 44. Rdc1 Kg7 45. c5 dxc5 46. Bxc5 Nd6 47. Bb4 Rxc2+
48. Rxc2 Kf7 49. Rf2+ Ke8 50. Rd2 Nb5 51. Bxe7 Kxe7 52. Bg4 Nd4 53. Bd1 Nc6 54.
Rc2 Kd7 55. Rf2 Ke7 56. Rc2 Kd7 1/2-1/2

[Event "Tseshkovsky Mem 2014"]
[Site "Sochi RUS"]
[Date "2014.09.19"]
[Round "3.21"]
[White "Smirnov, Timofey"]
[Black "Grishchenko, Sergey1"]
[Result "1/2-1/2"]
[BlackTitle "IM"]
[WhiteElo "2269"]
[BlackElo "2448"]
[WhiteFideId "24176427"]
[BlackFideId "4136730"]
[EventDate "2014.09.17"]

1. e4 c6 2. d4 d5 3. Nc3 dxe4 4. Nxe4 Nf6 5. Nxf6+ gxf6 6. c3 Bf5 7. Nf3 Qd5 8.
Qb3 Qxb3 9. axb3 Nd7 10. b4 a6 11. b5 cxb5 12. Bxb5 Rc8 13. Be2 Be4 14. O-O Nb6
15. Bf4 Rg8 16. g3 Nd5 17. Bd2 e6 18. Rfe1 Be7 19. Bd1 Bd3 20. Nh4 Rc6 21. Ng2
Rc7 22. Bb3 Nb6 23. Bf4 Rd7 24. Rad1 Bb5 25. Bc2 h5 26. b3 Bc6 27. Bd3 Bf3 28.
Rc1 Nd5 29. Bd2 f5 30. Be2 Bxe2 31. Rxe2 h4 32. Nf4 hxg3 33. hxg3 Nf6 34. Nd3
Ne4 35. Bf4 Ba3 36. Rcc2 Bd6 37. Ne5 Rd8 38. Kg2 f6 39. Nd3 Bxf4 40. Nxf4 Kf7
41. Re3 1/2-1/2

[Event "Tseshkovsky Mem 2014"]
[Site "Sochi RUS"]
[Date "2014.09.19"]
[Round "3.24"]
[White "Gorbatov, Alexej"]
[Black "Zhukov, Viktor I.1"]
[Result "1-0"]
[WhiteTitle "IM"]
[WhiteElo "2355"]
[BlackElo "2084"]
[WhiteFideId "4111834"]
[BlackFideId "4136195"]
[EventDate "2014.09.17"]

1. c4 Nf6 2. Nf3 d6 3. d4 Nbd7 4. Nc3 e5 5. Bg5 c6 6. Qc2 Be7 7. e3 h6 8. Bh4
Qc7 9. Bd3 a6 10. a4 g5 11. Bg3 h5 12. h4 g4 13. Ng5 Nf8 14. O-O-O Qa5 15. c5
exd4 16. cxd6 dxc3 17. dxe7 Ne6 18. Bc4 Nxg5 19. hxg5 Bf5 20. Qb3 Ne4 21. Bxf7+
Kxe7 22. Qxb7+ 1-0

[Event "Tseshkovsky Mem 2014"]
[Site "Sochi RUS"]
[Date "2014.09.19"]
[Round "3.25"]
[White "Kiriushin, Vladimir"]
[Black "Yandarbiev, Ruslan"]
[Result "1/2-1/2"]
[BlackTitle "IM"]
[WhiteElo "2080"]
[BlackElo "2355"]
[WhiteFideId "4150848"]
[BlackFideId "4115023"]
[EventDate "2014.09.17"]

1. c4 Nf6 2. Nc3 g6 3. g3 d5 4. cxd5 Nxd5 5. Bg2 Nb6 6. d4 Bg7 7. Nf3 O-O 8. O-O
Nc6 9. e3 Re8 10. Ne1 e5 11. d5 Na5 12. e4 c6 13. Nc2 cxd5 14. exd5 Nac4 15. Ne3
Nxe3 16. Bxe3 Nc4 17. Qb3 Nxe3 18. fxe3 Bh6 19. Rae1 Qb6 20. Qxb6 axb6 21. Ne4
Rd8 22. Nc3 f5 23. e4 f4 24. gxf4 Bxf4 25. Bf3 Bd7 26. a3 Rac8 27. Rd1 Kg7 28.
Rd3 h5 29. Re1 Rc4 30. Bd1 b5 31. Bb3 Rd4 32. Rxd4 exd4 33. Nd1 Re8 34. Kg2 Re5
35. h4 g5 36. Nf2 gxh4 37. Nd3 Rg5+ 38. Kh1 Be3 39. Nc5 Bh3 40. Ne6+ Bxe6 41.
dxe6 Re5 42. Bd5 Bg5 43. Rd1 Be3 44. Kg2 Kf6 45. Rf1+ Kg5 46. Kf3 h3 47. Kg3 d3
48. Kf3 Bc5 49. Rd1 Kh4 50. Rxd3 Rg5 51. Rd1 Bg1 52. Kf4 Rg4+ 53. Kf5 h2 54. e5
Bc5 55. Rd2 Kh3 56. Rd3+ Kh4 57. Rd2 1/2-1/2

[Event "Tseshkovsky Mem 2014"]
[Site "Sochi RUS"]
[Date "2014.09.19"]
[Round "3.26"]
[White "Bykov, Egor"]
[Black "Zakharov, Alexander"]
[Result "1/2-1/2"]
[BlackTitle "IM"]
[WhiteElo "2050"]
[BlackElo "2352"]
[WhiteFideId "34115290"]
[BlackFideId "4103564"]
[EventDate "2014.09.17"]

1. d4 Nf6 2. Nf3 b6 3. Bf4 Bb7 4. e3 Nh5 5. Bg3 Nxg3 6. hxg3 g6 7. Nbd2 Bg7 8.
c3 d6 9. a4 a5 10. Bc4 e6 11. Qc2 Nd7 12. g4 Qe7 13. O-O-O d5 14. Bd3 c5 15. Bb5
O-O-O 16. g5 Kb8 17. Rh3 cxd4 18. exd4 h6 19. gxh6 Rxh6 20. Rxh6 Bxh6 21. Rh1
Bf4 22. g3 Bd6 23. Qd3 Nf6 24. Ne5 Ne4 25. Nxe4 dxe4 26. Qe3 Qc7 27. Rh7 Bxe5
28. dxe5 Qxe5 29. Rxf7 Qd5 30. Be2 Qa2 31. Qxb6 Qa1+ 32. Kc2 Qxa4+ 33. Kb1 Rd1+
34. Bxd1 Qxd1+ 35. Ka2 Qa4+ 36. Kb1 Qd1+ 1/2-1/2

[Event "Tseshkovsky Mem 2014"]
[Site "Sochi RUS"]
[Date "2014.09.19"]
[Round "3.27"]
[White "Rozhko, Dmitry"]
[Black "Martynyuk, Elizaveta"]
[Result "1-0"]
[WhiteTitle "FM"]
[WhiteElo "2337"]
[BlackElo "2083"]
[WhiteFideId "4150430"]
[BlackFideId "24128511"]
[EventDate "2014.09.17"]

1. d4 d5 2. Nf3 Nf6 3. c4 c6 4. cxd5 cxd5 5. Nc3 Nc6 6. Bf4 a6 7. Rc1 Bf5 8. e3
Rc8 9. Be2 e6 10. O-O Bd6 11. Bxd6 Qxd6 12. Ne5 O-O 13. g4 Bg6 14. f4 Ne4 15. f5
exf5 16. gxf5 Bxf5 17. Rxf5 Nxe5 18. Nxe4 dxe4 19. Rxe5 Qg6+ 20. Kh1 f5 21. Qb3+
Kh8 22. Rg1 Qf7 23. Qxf7 Rxf7 24. Rf1 g6 25. Rxe4 Rc2 26. Re8+ Kg7 27. Bd1 Rxb2
28. Bb3 Rc7 29. Rd1 f4 30. d5 f3 31. d6 Rc5 32. Re7+ Kh6 33. Rc7 Rf5 34. Rc2
Rxc2 35. Bxc2 Rf8 36. d7 Rd8 37. e4 Kg7 38. e5 Kf7 39. Bb3+ Ke7 40. e6 b5 41.
Rf1 Rf8 42. Bd5 f2 43. Kg2 a5 44. Rxf2 Rxf2+ 45. Kxf2 1-0

[Event "Tseshkovsky Mem 2014"]
[Site "Sochi RUS"]
[Date "2014.09.19"]
[Round "3.28"]
[White "Maksimov, Dmitri"]
[Black "Strutinskaia, Galina"]
[Result "1-0"]
[BlackTitle "WGM"]
[WhiteElo "2044"]
[BlackElo "2317"]
[WhiteFideId "24162477"]
[BlackFideId "4108558"]
[EventDate "2014.09.17"]

1. e4 c5 2. c3 Nf6 3. e5 Nd5 4. Nf3 e6 5. Bc4 Nb6 6. Bb3 d6 7. O-O Nc6 8. d4
dxe5 9. dxe5 Qxd1 10. Rxd1 Be7 11. Nbd2 Bd7 12. Ne4 c4 13. Bc2 f6 14. exf6 gxf6
15. Bf4 e5 16. Bh6 Bg4 17. Nd6+ Bxd6 18. Rxd6 Ke7 19. Rad1 Rad8 20. Rxd8 Nxd8
21. Be4 Na4 22. Rd2 b5 23. Be3 a6 24. h3 1-0

[Event "Tseshkovsky Mem 2014"]
[Site "Sochi RUS"]
[Date "2014.09.19"]
[Round "3.29"]
[White "Bukanov, Sergei"]
[Black "Danielyan, Levon"]
[Result "1-0"]
[WhiteElo "2317"]
[BlackElo "2082"]
[WhiteFideId "4117140"]
[BlackFideId "24161497"]
[EventDate "2014.09.17"]

1. b3 d5 2. Bb2 c5 3. e3 a6 4. f4 Nc6 5. Nf3 d4 6. Bd3 Nf6 7. O-O Bg4 8. h3 Bxf3
9. Qxf3 g6 10. Na3 Bg7 11. Nc4 Qc7 12. a4 O-O 13. a5 Rad8 14. e4 e5 15. f5 Nh5
16. g3 Qe7 17. Ba3 Nb4 18. Bxb4 cxb4 19. Ra4 Rfe8 20. Rf2 Bf8 21. Nb6 Qg5 22.
Qg4 Qe7 23. Bc4 Nf6 24. Qh4 Bg7 25. d3 gxf5 26. Rxf5 Rf8 27. Ra1 h6 28. Raf1 Rd6
29. g4 Kh8 30. Qg3 Rc6 31. Kh1 Rc5 32. Ra1 Qd8 33. Qe1 Rc6 34. Qf2 Rc7 35. Rf1
Nh7 36. Nd5 Rd7 37. Ra1 Ng5 38. Qh4 Kg8 39. Nxb4 Rc7 40. Nd5 Rc6 41. b4 Kh7 42.
Bb3 f6 43. Raf1 Qd6 44. Qg3 Qd8 45. h4 Nf7 46. Qf2 Nd6 47. Rf3 Ne8 48. g5 Rd6
49. Rf5 Kg6 50. gxh6 Bxh6 51. Qg3+ 1-0

[Event "Tseshkovsky Mem 2014"]
[Site "Sochi RUS"]
[Date "2014.09.19"]
[Round "3.30"]
[White "Kudelya, Igor"]
[Black "Popov, Evgeny"]
[Result "1-0"]
[WhiteTitle "FM"]
[WhiteElo "2312"]
[BlackElo "2059"]
[WhiteFideId "4177339"]
[BlackFideId "34109380"]
[EventDate "2014.09.17"]

1. e4 c5 2. Ne2 Nc6 3. d4 cxd4 4. Nxd4 Nf6 5. Nc3 e5 6. Ndb5 d6 7. a4 Be6 8. Bg5
a6 9. Na3 Rc8 10. Bc4 Nd4 11. Nd5 Bxd5 12. Bxd5 Qa5+ 13. Bd2 Qc7 14. c3 Nc6 15.
O-O Nxd5 16. exd5 Ne7 17. c4 Ng6 18. b4 Be7 19. Rc1 O-O 20. Be3 b6 21. Qe2 Qb7
22. Rfd1 f5 23. f3 f4 24. Bf2 Bh4 25. Nb1 Bxf2+ 26. Qxf2 Ne7 27. Nd2 Nf5 28. Ne4
Rfd8 29. c5 dxc5 30. bxc5 bxc5 31. d6 c4 32. Kh1 Qc6 33. Qd2 Ne3 34. Rg1 Qxa4
35. g3 c3 36. Rxc3 Rxc3 37. Qxc3 Qd4 38. Qc7 Rf8 39. gxf4 exf4 40. d7 g6 41. Ng5
Qd5 42. d8=R Rxd8 43. Qxh7+ Kf8 44. Qh8+ Ke7 45. Qg7+ Ke8 46. Qxg6+ Ke7 47. Qg7+
Ke8 48. Ne4 Qf7 49. Qe5+ Kf8 50. Nd6 1-0

[Event "Tseshkovsky Mem 2014"]
[Site "Sochi RUS"]
[Date "2014.09.19"]
[Round "3.31"]
[White "Kruchev, Boris"]
[Black "Protopopova, Anastasiya"]
[Result "1-0"]
[WhiteTitle "FM"]
[WhiteElo "2310"]
[BlackElo "2049"]
[WhiteFideId "4179714"]
[BlackFideId "24172073"]
[EventDate "2014.09.17"]

1. d4 Nf6 2. Bg5 Ne4 3. Bf4 d5 4. f3 Nf6 5. c4 e6 6. Nc3 Bb4 7. Qb3 c5 8. dxc5
Nc6 9. O-O-O Bxc3 10. Qxc3 O-O 11. Bd6 Re8 12. e3 b6 13. Ne2 Ba6 14. Nf4 bxc5
15. cxd5 Nb4 16. Bc4 Bxc4 17. Qxc4 Qxd6 18. dxe6 Qe7 19. a3 Nc6 20. exf7+ Qxf7
21. Qxf7+ Kxf7 22. Rd6 Na5 23. e4 Rad8 24. Rhd1 Nb3+ 25. Kb1 Rxd6 26. Rxd6 Re7
27. Ra6 c4 28. Kc2 g5 29. Nh3 h6 30. Kc3 Nc5 31. Ra5 Rc7 32. Nf2 Nfd7 33. Ng4
Kg6 34. Ne3 Nb6 35. Rb5 a6 36. Rxb6+ Kh7 37. Rb4 a5 38. Rxc4 1-0

[Event "Tseshkovsky Mem 2014"]
[Site "Sochi RUS"]
[Date "2014.09.19"]
[Round "3.32"]
[White "Dimitrijevic, Aleksandra"]
[Black "Airapetian, Eduard"]
[Result "1/2-1/2"]
[WhiteTitle "WGM"]
[WhiteElo "2281"]
[BlackElo "2041"]
[WhiteFideId "929239"]
[BlackFideId "24171786"]
[EventDate "2014.09.17"]

1. e4 c5 2. c3 Nc6 3. Nf3 e5 4. d4 cxd4 5. cxd4 exd4 6. Nxd4 Nf6 7. Nxc6 bxc6 8.
Bd3 Bb4+ 9. Nc3 h6 10. e5 Nd5 11. O-O Nxc3 12. bxc3 Bc5 13. Qg4 Kf8 14. Qf3 Qh4
15. Be3 Bb6 16. Rab1 Qe7 17. Bc4 g6 18. Rxb6 axb6 19. Bxb6 Rh7 20. Bc7 Kg8 21.
Bd6 Qh4 22. Bb3 Ba6 23. Rd1 Qg5 24. Bc7 Rc8 25. Rxd7 Rxc7 26. e6 Rxd7 27. exd7
Qe7 28. Qd1 Qd8 29. Qd6 Kg7 30. Qe5+ Kf8 31. Qc5+ Kg7 32. Qxc6 Rh8 33. Qxa6 Qxd7
34. h3 Re8 35. Qb6 Re1+ 36. Kh2 Qf5 37. Qd4+ Qe5+ 38. g3 Re2 39. Kg2 Qxd4 40.
cxd4 Rd2 41. d5 Kf6 42. a4 Ke5 43. a5 Rb2 44. Bc4 Rb4 45. Be2 Kxd5 46. a6 Ra4
47. Bd1 Ra3 48. h4 f5 49. Be2 g5 50. hxg5 hxg5 51. Bf3+ Ke5 52. Bb7 g4 53. Bc8
Ra2 54. Bb7 f4 55. gxf4+ Kxf4 56. Kf1 Kg5 57. Kg2 Kh4 58. Kf1 Kh3 59. Bc8 Kh4
60. Bb7 1/2-1/2

[Event "Tseshkovsky Mem 2014"]
[Site "Sochi RUS"]
[Date "2014.09.19"]
[Round "3.33"]
[White "Lingur, Zalina"]
[Black "Gutkis, Vladimir"]
[Result "1-0"]
[BlackTitle "FM"]
[WhiteElo "2035"]
[BlackElo "2224"]
[WhiteFideId "34165670"]
[BlackFideId "4173325"]
[EventDate "2014.09.17"]

1. e4 Nf6 2. e5 Nd5 3. d4 Nb6 4. c4 d6 5. exd6 cxd6 6. Nc3 g6 7. Be3 Bg7 8. Rc1
O-O 9. b3 Bf5 10. Be2 Nc6 11. h3 h6 12. d5 Nb4 13. a3 Na6 14. b4 Nc7 15. Nf3 e5
16. dxe6 Bxe6 17. Bd4 Ne8 18. Nb5 Nf6 19. O-O Nc8 20. Qd2 a6 21. Nc3 Nb6 22. Qb2
Nxc4 23. Bxc4 Bxc4 24. Rfe1 Nh5 25. Ne4 Bxd4 26. Qxd4 d5 27. Nc3 Qd6 28. Ne5 Qf6
29. Nxd5 Bxd5 30. Qxd5 Nf4 31. Qxb7 Qg5 32. Qf3 Rae8 33. Nd3 Ne6 34. Qe3 Qh4 35.
Nc5 Nf4 36. Qf3 Qg5 37. Rcd1 Ra8 38. Kh2 a5 39. g3 Nh5 40. Nd7 Rfd8 41. Rd5 f5
42. bxa5 Re8 43. Rde5 Red8 44. Re7 Ng7 45. Qb3+ Kh8 46. Qb2 Rg8 47. Nf6 Rab8 48.
Qe5 Rgf8 49. Nh5 1-0

[Event "Tseshkovsky Mem 2014"]
[Site "Sochi RUS"]
[Date "2014.09.19"]
[Round "3.34"]
[White "Kondenko, Alexey"]
[Black "Kudrin, Oleg"]
[Result "1/2-1/2"]
[WhiteElo "2218"]
[BlackElo "2022"]
[WhiteFideId "4117255"]
[BlackFideId "24132900"]
[EventDate "2014.09.17"]

1. Nf3 d5 2. c4 c6 3. e3 Bf5 4. Nc3 e6 5. d4 Nd7 6. Bd3 Ne7 7. e4 dxe4 8. Nxe4
Ng6 9. O-O Be7 10. Re1 O-O 11. h3 Re8 12. g4 Bxe4 13. Bxe4 Qc7 14. Qb3 Rad8 15.
h4 Nf6 16. h5 Nh4 17. g5 Nxe4 18. Rxe4 Nxf3+ 19. Qxf3 c5 20. dxc5 Bxc5 21. Bf4
Qc6 22. Rae1 Rd4 23. b3 Red8 24. Qe2 e5 25. Rxd4 exd4 26. Qd3 Qd7 27. Re5 b6 28.
h6 Qg4+ 29. Bg3 gxh6 30. gxh6 Qg6 31. Rf5 Re8 32. Kg2 Qxh6 33. Qf3 Re1 34. Qg4+
Kf8 35. Rh5 Qg6 36. Qf3 Qb1 37. Rf5 Rh1 38. Qd5 Qf1+ 39. Kf3 Qd3+ 40. Kg2 Qf1+ 1/2-1/2

[Event "Tseshkovsky Mem 2014"]
[Site "Sochi RUS"]
[Date "2014.09.19"]
[Round "3.35"]
[White "Ermolov, Vasily"]
[Black "Travkina, Anastasia"]
[Result "0-1"]
[BlackTitle "WFM"]
[WhiteElo "1952"]
[BlackElo "2208"]
[WhiteFideId "4150830"]
[BlackFideId "24129151"]
[EventDate "2014.09.17"]

1. e4 c5 2. Nf3 d6 3. Bb5+ Nc6 4. O-O Bd7 5. Re1 a6 6. Bf1 Bg4 7. h3 Bxf3 8.
Qxf3 g6 9. c3 Bg7 10. d3 Nf6 11. Nd2 b5 12. Qe3 Nd7 13. Nf3 O-O 14. Bd2 Qb6 15.
Rad1 b4 16. cxb4 Nxb4 17. Bxb4 Qxb4 18. b3 Ne5 19. Re2 a5 20. Ne1 Nc6 21. Rc2 a4
22. Rc4 Qa3 23. Nc2 Qxa2 24. bxa4 Ne5 25. Rc3 Nf3+ 26. Qxf3 Bxc3 27. Ne3 e6 28.
Nc4 Rfd8 29. Qg3 Qc2 30. Ne3 Qxa4 31. Rb1 Be5 32. Qf3 Rdb8 33. Rxb8+ Rxb8 34.
Nc4 Qa1 35. g3 Rb1 36. Qg2 Rd1 37. h4 h5 38. Nxe5 dxe5 39. f4 exf4 40. gxf4 Rxd3
41. f5 exf5 42. exf5 Qd4+ 43. Qf2 Qxf2+ 0-1

[Event "Tseshkovsky Mem 2014"]
[Site "Sochi RUS"]
[Date "2014.09.19"]
[Round "3.36"]
[White "Birjukov, Sergey"]
[Black "Bimiev, Ahmad"]
[Result "0-1"]
[WhiteTitle "FM"]
[WhiteElo "2175"]
[BlackElo "1998"]
[WhiteFideId "4106555"]
[BlackFideId "24102938"]
[EventDate "2014.09.17"]

1. d4 Nf6 2. c4 e6 3. g3 d5 4. Nf3 Be7 5. Bg2 O-O 6. Qc2 c5 7. dxc5 Qa5+ 8. Nbd2
Qxc5 9. a3 a5 10. b4 Qc7 11. b5 a4 12. Bb2 Bd7 13. Rc1 dxc4 14. Nd4 e5 15. b6
Qxb6 16. Nxc4 Qa7 17. Nf5 Bc5 18. O-O Rc8 19. e3 Bf8 20. Qb1 Nc6 21. Rfd1 Be6
22. Nfd6 Rd8 23. Bxc6 bxc6 24. Bxe5 Ng4 25. Bf4 Qa6 26. Qc2 h6 27. h4 Nf6 28. e4
Nh5 29. e5 Nxf4 30. gxf4 Bg4 31. Rd2 Be7 32. Ne3 Bxd6 33. exd6 Bf3 34. Nf5 Qa5
35. Rd4 Kh8 0-1

[Event "Tseshkovsky Mem 2014"]
[Site "Sochi RUS"]
[Date "2014.09.19"]
[Round "3.37"]
[White "Palkovich, Denis"]
[Black "Markosian, Sergey"]
[Result "1-0"]
[WhiteTitle "FM"]
[WhiteElo "2150"]
[BlackElo "1877"]
[WhiteFideId "14113260"]
[BlackFideId "24100790"]
[EventDate "2014.09.17"]

1. e4 c6 2. d4 g6 3. Nc3 b5 4. Bd3 Bg7 5. Nf3 Bb7 6. O-O d6 7. Bg5 h5 8. e5 Nh6
9. e6 f5 10. Nh4 b4 11. Nxg6 Ng4 12. Ne2 Qa5 13. Nxh8 Bxh8 14. Ng3 Na6 15. Bxf5
O-O-O 16. Bxe7 Rg8 17. Bxd6 Nc7 18. e7+ Kb8 19. Bxg4 hxg4 20. Re1 Re8 21. Qxg4
Bc8 22. Qf4 Kb7 23. Ne4 Nd5 24. Qf7 1-0

[Event "Tseshkovsky Mem 2014"]
[Site "Sochi RUS"]
[Date "2014.09.19"]
[Round "3.38"]
[White "Alchakov, Ratmir"]
[Black "Kalinin, Nikita"]
[Result "1/2-1/2"]
[WhiteElo "1938"]
[BlackElo "2149"]
[WhiteFideId "24199699"]
[BlackFideId "24155390"]
[EventDate "2014.09.17"]

1. d4 f5 2. c4 d6 3. Nf3 Nf6 4. Nc3 g6 5. Qc2 Bg7 6. g3 O-O 7. Bg2 Nc6 8. Bf4
Nxd4 9. Nxd4 e5 10. Be3 exd4 11. Bxd4 c6 12. Rd1 Qe7 13. O-O Be6 14. b3 Nh5 15.
Bxg7 Nxg7 16. Qd2 Rad8 17. Rfe1 g5 18. f4 gxf4 19. Qxf4 Nh5 20. Qh6 Bf7 21. e4
Qe5 22. Qg5+ Kh8 23. Ne2 fxe4 24. Qxe5+ dxe5 25. Nc3 Bg6 26. Bxe4 Rxd1 27. Rxd1
Nf6 28. Re1 Nxe4 29. Nxe4 Rd8 30. Kf2 b6 31. Nc3 Re8 32. Ke3 Bh5 33. h3 Kg7 34.
g4 Bg6 35. Rd1 Re7 36. Rd6 e4 37. Rxc6 Rf7 38. Nd5 Rf3+ 39. Ke2 Rxh3 40. Rc7+
Kh6 41. Rxa7 Kg5 42. a4 Rxb3 43. Rb7 h5 44. gxh5 Bxh5+ 45. Ke1 Ra3 46. Rxb6 Rxa4
47. Rb4 Ra2 48. Nc3 Ra3 49. Nd5 e3 50. Rb1 e2 51. Rc1 Rg3 52. Kd2 Ra3 53. Nc3
Kf5 54. Nxe2 Ra2+ 55. Rc2 1/2-1/2